000 00493nam a22001931a 4500
001 7680
003 OSt
005 20260204212140.0
008 080819s2007||||sp ||||||b||||||||||spa||
020 _a9687999195
050 _aR 415 B741g
245 _aBiblia de la gramática / Carmen C. Chavez reyes y Alvaro León de la Cruz
264 _aEspaña : Lexus
300 _a1037 p
500 _aIncluye CD ROM
650 _aGramática
700 _aChaves Reyes, Carmen C.Ì
942 _2ddc
_cBK
999 _c7680
_d7680